Central Library OPAC University of Rajshahi

Experimental design in psychological research / (Record no. 29673)

MARC details
000 -LEADER
fixed length control field 00844nam a2200265 a 4500
001 - CONTROL NUMBER
control field 29673
003 - CONTROL NUMBER IDENTIFIER
rucl marc code BD-RjUL
005 - DATE AND TIME OF LATEST TRANSACTION
control field 20220922142933.0
008 - FIXED-LENGTH DATA ELEMENTS--GENERAL INFORMATION
fixed length control field 140406s1968 nyua b 001 0 eng d
035 ## - SYSTEM CONTROL NUMBER
System control number (BD-RjUL)29673
040 ## - CATALOGING SOURCE
Original cataloging agency DLC
Transcribing agency DLC
Modifying agency DLC
-- BD-RjUL
Language of cataloging eng
041 ## - LANGUAGE CODE
Language code of text/sound track or separate title eng
082 00 - DEWEY DECIMAL CLASSIFICATION NUMBER
Classification number 150.182
Author mark and year EDE 1968
100 1# - MAIN ENTRY--PERSONAL NAME
Personal name Edwards, Allen Louis.
9 (RLIN) 90374
245 10 - TITLE STATEMENT
Title Experimental design in psychological research /
Statement of responsibility, etc. by Allen L. Edwards.
250 ## - EDITION STATEMENT
Edition statement 3d ed.
260 ## - PUBLICATION, DISTRIBUTION, ETC. (IMPRINT)
Place of publication, distribution, etc. New York ;
-- New Delhi :
Name of publisher, distributor, etc. Holt, Rinehart and Winston;
-- Amerind publishing co.pvt.ltd.,
Date of publication, distribution, etc. 1968,1972
300 ## - PHYSICAL DESCRIPTION
Pagination xix, 455 p. :
Illustrations illus. ;
Size 24 cm.
504 ## - BIBLIOGRAPHY, ETC. NOTE
Bibliography, etc Bibliography: p. 360-365. and Index
650 #0 - SUBJECT ADDED ENTRY--TOPICAL TERM
Topical term or geographic name as entry element Psychology
General subdivision Research.
9 (RLIN) 90375
Topical term or geographic name as entry element Experimental design.
9 (RLIN) 90376
942 ## - ADDED ENTRY ELEMENTS (KOHA)
Source of classification or shelving scheme Dewey Decimal Classification
Koha item type Books
Holdings
Lost status Source of classification or shelving scheme Damaged status Not for loan Collection code Permanent Location Current Location Shelving location Date acquired Source of acquisition Total Checkouts Full call number Date last seen Copy number Koha item type Cost, normal purchase price
  Dewey Decimal Classification     Non-fiction Central Library, University of Rajshahi Central Library, University of Rajshahi   24/10/1973 U. S. Govt. Gift   150.182 EDE 1968 06/04/2014 C-10 Books  
  Dewey Decimal Classification     Non-fiction Central Library, University of Rajshahi Central Library, University of Rajshahi   24/10/1973 U.S.I.S. Dacca Gift   150.182 EDE 1968 07/04/2014 C-9 Books  
  Dewey Decimal Classification     Non-fiction Central Library, University of Rajshahi Central Library, University of Rajshahi   24/10/1973 U. S. Govt.   150.182 EDE 1968 13/04/2014 C-8 Books  
  Dewey Decimal Classification     Non-fiction Central Library, University of Rajshahi Central Library, University of Rajshahi   24/10/1973 U.S.Govt.   150.182 EDE 1968 24/04/2014 C-7 Books  
  Dewey Decimal Classification     Non-fiction Central Library, University of Rajshahi Central Library, University of Rajshahi   24/10/1973 U.S.Govt. Gift   150.182 EDE 1968 29/04/2014 C-6 Books 0.00
  Dewey Decimal Classification   Not For Loan Non-fiction Central Library, University of Rajshahi Central Library, University of Rajshahi Reading Room 03/07/1976 USIS   150.182 EDE 1968 22/09/2022 C-1 Books